000 00632nam a2200253 a 4500
003 AR-BaBNM
005 20251128204648.0
008 082120s2002 ||||||||||||||000 | spa||
020 _a950-13-5356-7
040 _cAR-BaBNM
100 1 _aKaufman, Ruth
245 0 0 _aLa ciudad de los magos
260 _aBuenos Aires
_bKapelusz
_c1984
300 _a31 p.
_bil.
490 0 _aLa manzana viajera
_vv. 9
650 4 _aLITERATURA INFANTIL
650 4 _aLIBROS PARA NIÑOS
650 4 _aCUENTOS DE AVENTURAS
650 4 _aMAGIA
655 _aLITERATURA
700 1 _aRojas, Oscar
_eilustrador
942 _cBK
998 _cLAURA
999 _c8284
_d8284